000 00781cab a2200229 4500
001 E2199
008 090401t1994 xxu||||| |||| 00| 0 eng d
035 _a(Sirsi) u38063
041 _aeng
245 _aFraser v MacKintosh
260 _c1994
350 _a0
490 _aSLC
_v1994 R 38-59(22)
520 _aDivisional Court. Application Ross RN471. Order of 22 December1994.. Croft - acquisition by crofter - objection by landlord - substantial degree of hardship - financial hardship - emotional hardship - objection by landlord upheld.
650 _aCROFTERS (SCOTLAND) ACT 1993
650 _aCROFTING
650 _aSCOTLAND
650 _aSCOTTISH LAND COURT
690 _aLANDLORD AND TENANT-CASE LAW-AGRICULTURAL TENANCIES
942 _n0
948 _c04/03/1997
999 _c24460
_d24460